| 000 | 00924nam a22002297a 4500 | ||
|---|---|---|---|
| 010 | _aBAC-CH25 | ||
| 020 |
_a9788183630153 _c99.00 |
||
| 035 | _aB-554692-718 | ||
| 035 | _aG-003111 | ||
| 035 | _aB-665060 | ||
| 037 |
_aDPL _bBlueberry Books/vendor |
||
| 082 | _aS | ||
| 100 | _aDoyle, Arthur Conan | ||
| 245 |
_aThe study in Scarlet and case book of Sherlock Holmes / _cSir Arthur Conan Doyle |
||
| 260 |
_aNew Delhi _bAdarsh Books _c2014(repr) |
||
| 270 |
_a4393/4 Tulsidas Street, Ansari Road, Daryaganj _bNew Delhi _e110002 |
||
| 300 |
_a328p. _c18cm. (pbk) |
||
| 942 |
_2ddc _cCH _hS _mDOY |
||
| 999 |
_c86752 _d86752 |
||